[Event "BUL-ch (Women)"]
[Site "Panagyurishte"]
[Date "2012.04.28"]
[Round "9"]
[White "Raeva, Elitsa"]
[Black "Chilingirova, Pavlina"]
[Result "1-0"]
[WhiteElo "2292"]
[BlackElo "2109"]
[PlyCount "93"]
[EventDate "2012.04.20"]
[EventType "tourn"]
[EventRounds "9"]
[EventCountry "BUL"]
[SourceTitle "CBM 148 Extra"]
[Source "ChessBase"]
[SourceDate "2012.06.22"]
[SourceVersion "1"]
[SourceVersionDate "2012.06.22"]
[SourceQuality "1"]

1. c4 e5 2. Nc3 g6 3. g3 Bg7 4. Bg2 c6 5. d3 Ne7 6. h4 h5 7. Bg5 d6 8. Ne4 f5 9. Nc3 Nd7 10. e4 Nc5 11. Nge2 Ne6 12. Qd2 Nxg5 13. hxg5 Be6 14. f4 fxe4 15. dxe4 Bxc4 16. 0-0-0 d5 17. exd5 cxd5 18. Nxd5 Bxd5 19. Bxd5 Qc7+ 20. Qc2 Rc8 21. Qxc7 Rxc7+ 22. Kb1 Nxd5 23. Rxd5 0-0 24. fxe5 Rf5 25. Nf4 Kh7 26. e6 Rf8 27. Rd7 Rc5 28. Nd5 Kh8 29. e7 Re8 30. Nc7 Rxc7 31. Rxc7 Be5 32. Rxb7 Bxg3 33. Rxa7 Kg7 34. a4 Bf4 35. Rb7 Bxg5 36. a5 Rxe7 37. Rxe7+ Bxe7 38. a6 Bc5 39. b4 Bb6 40. Rc1 h4 41. Kc2 Kh6 42. Kd3 Kh5 43. Ke2 g5 44. Rc6 Bd4 45. Rd6 Ba7 46. Rd7 Bb6 47. a7 1-0

[Event "BUL-ch (Women)"]
[Site "Panagyurishte"]
[Date "2012.04.25"]
[Round "6"]
[White "Chilingirova, Pavlina"]
[Black "Genova, Liubka"]
[Result "1-0"]
[WhiteElo "2109"]
[BlackElo "2259"]
[PlyCount "89"]
[EventDate "2012.04.20"]
[EventType "tourn"]
[EventRounds "9"]
[EventCountry "BUL"]
[SourceTitle "CBM 148 Extra"]
[Source "ChessBase"]
[SourceDate "2012.06.22"]
[SourceVersion "1"]
[SourceVersionDate "2012.06.22"]
[SourceQuality "1"]

1. d4 Nf6 2. g3 g6 3. Bg2 Bg7 4. e4 d6 5. Ne2 0-0 6. c4 c5 7. dxc5 Qa5+ 8. Nbc3 Qxc5 9. b3 Nc6 10. 0-0 Qh5 11. f3 Bh3 12. Bxh3 Qxh3 13. Be3 h5 14. Qd2 Ne5 15. Nf4 Qc8 16. Rad1 Re8 17. Nfd5 Nxd5 18. Nxd5 Qc6 19. Kg2 a6 20. Nb6 Rad8 21. Qd5 Nd7 22. Nxd7 Rxd7 23. a4 e6 24. Qd3 b6 25. Rc1 Qb7 26. Rfd1 Red8 27. Bg5 Rc8 28. Qe2 Rb8 29. Rc2 b5 30. cxb5 axb5 31. a5 d5 32. exd5 Rxd5 33. Be3 Rbd8 34. Rxd5 Rxd5 35. Rd2 Rf5 36. Bb6 Kh7 37. Qe4 Qc8 38. Rc2 Qd7 39. a6 Re5 40. Qb4 Qd1 41. Qd2 Qa1 42. Ra2 Rd5 43. Qc2 Qe1 44. Bf2 Qc3 45. Qxc3 1-0

[Event "BUL-ch (Women)"]
[Site "Panagyurishte"]
[Date "2012.04.20"]
[Round "1"]
[White "Chilingirova, Pavlina"]
[Black "Videnova, Iva"]
[Result "0-1"]
[WhiteElo "2109"]
[BlackElo "2301"]
[PlyCount "154"]
[EventDate "2012.04.20"]
[EventType "tourn"]
[EventRounds "9"]
[EventCountry "BUL"]
[SourceTitle "CBM 148 Extra"]
[Source "ChessBase"]
[SourceDate "2012.06.22"]
[SourceVersion "1"]
[SourceVersionDate "2012.06.22"]
[SourceQuality "1"]

1. d4 Nf6 2. c4 g6 3. Nc3 d5 4. cxd5 Nxd5 5. Qb3 Nb6 6. Nf3 Bg7 7. Bf4 Be6 8. Qc2 Nc6 9. Rd1 Nb4 10. Qb1 N6d5 11. Nxd5 Qxd5 12. e4 Qa5 13. Bd2 Bxa2 14. Qc1 Bb3 15. Bc4 Bxd1 16. Qxd1 0-0 17. 0-0 Qb6 18. d5 a5 19. Be3 Qd6 20. Qd2 c6 21. Bf4 Qd8 22. d6 b5 23. Be2 exd6 24. Bxd6 Re8 25. e5 Bxe5 26. Nxe5 Rxe5 27. Bf3 Re6 28. Bxb4 axb4 29. Qxb4 Ra4 30. Qc3 Rc4 31. Qa3 Qd2 32. Qa1 Rc2 33. b3 Ra2 34. Qb1 Qc2 35. h4 h5 36. Qc1 Qxc1 37. Rxc1 Ra6 38. Kh2 Kf8 39. Kg3 Ke7 40. Kf4 Kd6 41. g4 hxg4 42. Bxg4 Rf6+ 43. Ke3 Ra3 44. Rc3 c5 45. Rd3+ Kc6 46. Be2 Rd6 47. Bf3+ Kc7 48. Bd5 c4 49. bxc4 Rxd3+ 50. Kxd3 bxc4+ 51. Kxc4 Rf6 52. f3 Kd6 53. Kd4 Rf4+ 54. Ke3 Rf5 55. Bb3 Ke7 56. Kf2 Rb5 57. Bd1 Rb1 58. Be2 Rb2 59. f4 Kf6 60. Kf3 Rc2 61. Bb5 Rc3+ 62. Kg4 Kg7 63. f5 gxf5+ 64. Kf4 Kf6 65. Bf1 Rb3 66. Bg2 Rb4+ 67. Kg3 Rg4+ 68. Kh3 Rg8 69. Bf3 Ke5 70. h5 Kf4 71. Bd1 Rg1 72. Be2 Ke3 73. Bc4 Rh1+ 74. Kg2 Rxh5 75. Bxf7 Rg5+ 76. Kf1 f4 77. Be8 f3 0-1

[Event "BUL-ch sf (Women) 61st"]
[Site "Plovdiv"]
[Date "2012.02.11"]
[Round "8"]
[White "Atanasova, Elitsa"]
[Black "Chilingirova, Pavlina"]
[Result "0-1"]
[WhiteElo "1732"]
[BlackElo "2119"]
[PlyCount "64"]
[EventDate "2012.02.06"]
[EventType "tourn"]
[EventRounds "9"]
[EventCountry "BUL"]
[SourceTitle "CBM 146 Extra"]
[Source "ChessBase"]
[SourceDate "2012.02.29"]
[SourceVersion "1"]
[SourceVersionDate "2012.02.29"]
[SourceQuality "1"]

1. d4 d6 2. Nf3 g6 3. g3 Bg7 4. Bg2 c5 5. 0-0 Nf6 6. c4 0-0 7. Nc3 Nc6 8. d5 Na5 9. Nd2 Rb8 10. e4 a6 11. a4 e6 12. Re1 exd5 13. exd5 Ng4 14. h3 Ne5 15. Qe2 Bf5 16. Nce4 Re8 17. Qf1 Bxe4 18. Bxe4 Naxc4 19. Nxc4 Nxc4 20. Qxc4 f5 21. Bd2 fxe4 22. Rxe4 Bxb2 23. Rae1 Rxe4 24. Qxe4 Qf6 25. Qe6+ Qxe6 26. Rxe6 c4 27. Re3 b5 28. axb5 axb5 29. Bc3 Bxc3 30. Rxc3 Rc8 31. Rc1 Rc5 32. Rd1 b4 0-1

[Event "BUL-ch sf (Women) 61st"]
[Site "Plovdiv"]
[Date "2012.02.09"]
[Round "5"]
[White "Chilingirova, Pavlina"]
[Black "Sirkova, Darena"]
[Result "1-0"]
[WhiteElo "2119"]
[BlackElo "2086"]
[PlyCount "95"]
[EventDate "2012.02.06"]
[EventType "tourn"]
[EventRounds "9"]
[EventCountry "BUL"]
[SourceTitle "CBM 146 Extra"]
[Source "ChessBase"]
[SourceDate "2012.02.29"]
[SourceVersion "1"]
[SourceVersionDate "2012.02.29"]
[SourceQuality "1"]

1. d4 d5 2. c4 e6 3. Nf3 Nf6 4. Nc3 Be7 5. e3 0-0 6. Be2 c6 7. 0-0 Nbd7 8. Qc2 Re8 9. e4 dxe4 10. Nxe4 Qc7 11. Bg5 h6 12. Bh4 Nxe4 13. Qxe4 Bxh4 14. Qxh4 c5 15. Rfd1 b6 16. Qg3 e5 17. dxe5 Nxe5 18. Nxe5 Rxe5 19. Bf3 Rb8 20. Rd5 Re7 21. Qxc7 Rxc7 22. Rd8+ Kh7 23. Re1 b5 24. Ree8 bxc4 25. h4 g6 26. Kh2 h5 27. Bd5 Be6 28. Rxb8 Bxd5 29. Rec8 Rd7 30. Rxc5 Be6 31. a4 Rd6 32. Rb7 Ra6 33. a5 Kg7 34. Kg3 Kf6 35. Rbc7 Rd6 36. Rxa7 Rd3+ 37. f3 Rb3 38. a6 Rxb2 39. Ra5 Rb8 40. Rb7 Ra8 41. a7 c3 42. Rc7 Bc8 43. Rxc8 Rxc8 44. a8Q Rxa8 45. Rxa8 Ke5 46. Rc8 Kd4 47. Rc7 f6 48. Rc6 1-0

[Event "BUL-ch sf (Women) 61st"]
[Site "Plovdiv"]
[Date "2012.02.09"]
[Round "6"]
[White "Salimova, Nurgyul"]
[Black "Chilingirova, Pavlina"]
[Result "0-1"]
[WhiteElo "1737"]
[BlackElo "2119"]
[PlyCount "154"]
[EventDate "2012.02.06"]
[EventType "tourn"]
[EventRounds "9"]
[EventCountry "BUL"]
[SourceTitle "CBM 146 Extra"]
[Source "ChessBase"]
[SourceDate "2012.02.29"]
[SourceVersion "1"]
[SourceVersionDate "2012.02.29"]
[SourceQuality "1"]

1. d4 Nf6 2. c4 g6 3. Nc3 d5 4. Nf3 Bg7 5. Bg5 Ne4 6. cxd5 Nxc3 7. bxc3 Qxd5 8. Bf4 Qa5 9. Qd2 c5 10. e3 Nc6 11. Be2 Bg4 12. 0-0 cxd4 13. exd4 0-0 14. h3 Bxf3 15. Bxf3 Rac8 16. Rac1 e6 17. Rfe1 Rfd8 18. Qe2 Rd7 19. Bg4 Nd8 20. Qb2 Bf8 21. Qb3 Rd5 22. Re5 Rxe5 23. Bxe5 Bg7 24. Bxg7 Kxg7 25. d5 f5 26. Bf3 e5 27. Qb2 Qb6 28. Qd2 Qd6 29. c4 b6 30. h4 Nf7 31. h5 g5 32. a4 e4 33. Be2 Rc5 34. Qd4+ Qe5 35. Qd2 h6 36. Rd1 Nd6 37. Rc1 Ra5 38. Qc2 Kf6 39. Re1 g4 40. Qd2 Kg7 41. Qc2 Kh7 42. Qb3 Rc5 43. Rd1 Kg7 44. Qa2 Qc3 45. Qd2 Qxd2 46. Rxd2 Kf6 47. Rc2 Kg5 48. Rc1 Kxh5 49. g3 Kg5 50. Rc2 h5 51. Rc1 f4 52. gxf4+ Kxf4 53. Rc3 Ke5 54. Rc1 Ra5 55. Bd1 Kd4 56. Bb3 e3 57. fxe3+ Kxe3 58. Re1+ Kd4 59. Rc1 Kc5 60. Ra1 Kb4 61. Rb1 Kc3 62. Kg2 h4 63. Kh2 Rc5 64. Ba2 Rc8 65. Kg2 Re8 66. Kg1 Re2 67. Bb3 g3 68. Kh1 h3 69. Kg1 Rb2 70. Rxb2 Kxb2 71. Bd1 Nxc4 72. Be2 Nd6 73. Bg4 h2+ 74. Kg2 Kb3 75. Bf3 Kxa4 76. Kxg3 Kb4 77. Kxh2 a5 0-1

[Event "BUL-chT (Women) 44th"]
[Site "Albena"]
[Date "2011.06.06"]
[Round "5.3"]
[White "Djingarova, Emilia"]
[Black "Chilingirova, Pavlina"]
[Result "1-0"]
[WhiteElo "2348"]
[BlackElo "2126"]
[PlyCount "73"]
[EventDate "2011.06.02"]
[EventType "team-tourn"]
[EventRounds "7"]
[EventCountry "BUL"]
[SourceTitle "CBM 142 Extra"]
[Source "ChessBase"]
[SourceDate "2011.06.27"]
[SourceVersion "1"]
[SourceVersionDate "2011.06.27"]
[SourceQuality "1"]
[WhiteTeam "Sofia Shah XXI (W)"]
[BlackTeam "Plovdiv Lokomotiv (W)"]
[WhiteTeamCountry "BUL"]
[BlackTeamCountry "BUL"]

1. Nf3 d5 2. c4 c6 3. e3 Nf6 4. Nc3 e6 5. Qc2 Be7 6. b3 a5 7. Bb2 dxc4 8. bxc4 0-0 9. d4 c5 10. Rd1 cxd4 11. exd4 Qe8 12. Bd3 Na6 13. a3 Nc7 14. 0-0 Rb8 15. Ne5 h6 16. Rfe1 Nd7 17. Qe2 Nxe5 18. Qxe5 Qd8 19. Nb5 Na6 20. Bc1 Bd7 21. d5 Bxb5 22. cxb5 Nc5 23. Bb1 Bd6 24. Qh5 Qc7 25. dxe6 Nxe6 26. Bxh6 Bxh2+ 27. Kh1 Rfd8 28. Rc1 Qd6 29. Be3 Bf4 30. Qh7+ Kf8 31. Bc5 Ke7 32. Bxd6+ Bxd6 33. Qh4+ Kd7 34. Qg4 Rh8+ 35. Kg1 Bh2+ 36. Kf1 Bd6 37. g3 1-0

[Event "BUL-chT (Women) 44th"]
[Site "Albena"]
[Date "2011.06.04"]
[Round "3.4"]
[White "Georgieva, Emilia"]
[Black "Chilingirova, Pavlina"]
[Result "1/2-1/2"]
[WhiteElo "1966"]
[BlackElo "2126"]
[PlyCount "106"]
[EventDate "2011.06.02"]
[EventType "team-tourn"]
[EventRounds "7"]
[EventCountry "BUL"]
[SourceTitle "CBM 142 Extra"]
[Source "ChessBase"]
[SourceDate "2011.06.27"]
[SourceVersion "1"]
[SourceVersionDate "2011.06.27"]
[SourceQuality "1"]
[WhiteTeam "Sofia Lokomotiv (W)"]
[BlackTeam "Plovdiv Lokomotiv (W)"]
[WhiteTeamCountry "BUL"]
[BlackTeamCountry "BUL"]

1. d4 Nf6 2. Nf3 g6 3. Bf4 Bg7 4. c3 d6 5. e3 0-0 6. Be2 Nbd7 7. Nbd2 Re8 8. Qb3 c6 9. Bc4 d5 10. Be2 Nh5 11. Bg5 h6 12. Bh4 g5 13. Bxg5 hxg5 14. Nxg5 Nhf6 15. f4 Nf8 16. h4 Qb6 17. Qc2 Ng4 18. Bxg4 Bxg4 19. h5 Bh6 20. Rh4 Bd7 21. Ngf3 f6 22. 0-0-0 c5 23. Re1 cxd4 24. exd4 Qd6 25. g3 b5 26. a3 a5 27. Rg1 b4 28. Nb1 e5 29. dxe5 fxe5 30. Ng5 Qf6 31. Qd2 Bc6 32. Rg4 Kh8 33. fxe5 Bxg5 34. exf6 Bxd2+ 35. Kxd2 bxa3 36. Nxa3 Nd7 37. Rf1 Ne5 38. Rg5 Nf7 39. Rg7 Nd6 40. Rg6 Nf7 41. Rg7 Ra7 42. Nc2 Bb5 43. Rf2 Re5 44. Nd4 Be8 45. Nf5 Rb7 46. b4 axb4 47. Nh4 bxc3+ 48. Kd3 Nd6 49. Rxb7 Nxb7 50. f7 Bxf7 51. Rxf7 Rxh5 52. Ng6+ Kg8 53. Rxb7 Rg5 1/2-1/2

[Event "BUL-ch (Women) 60th"]
[Site "Bankia"]
[Date "2011.04.21"]
[Round "11"]
[White "Krumova, Ani"]
[Black "Chilingirova, Pavlina"]
[Result "0-1"]
[WhiteElo "1913"]
[BlackElo "2141"]
[PlyCount "54"]
[EventDate "2011.04.12"]
[EventType "tourn"]
[EventRounds "11"]
[EventCountry "BUL"]
[SourceTitle "CBM 141 Extra"]
[Source "ChessBase"]
[SourceDate "2011.05.03"]
[SourceVersion "1"]
[SourceVersionDate "2011.05.03"]
[SourceQuality "1"]

1. Nf3 c5 2. g3 Nc6 3. Bg2 e5 4. d3 d5 5. 0-0 Nf6 6. e4 dxe4 7. dxe4 Qxd1 8. Rxd1 Bg4 9. Re1 Nd4 10. Nxd4 cxd4 11. Bd2 Nd7 12. h3 Be6 13. Bf1 Bc5 14. c3 0-0 15. cxd4 exd4 16. Bf4 f6 17. g4 g5 18. Bd2 Ne5 19. Kg2 Rac8 20. b4 Bd6 21. Na3 Ng6 22. f3 a6 23. Rac1 b5 24. Nc2 Bf4 25. Nxd4 Bxd2 26. Rxc8 Nf4+ 27. Kg1 Rxc8 0-1

[Event "BUL-ch (Women) 60th"]
[Site "Bankia"]
[Date "2011.04.12"]
[Round "1"]
[White "Chilingirova, Pavlina"]
[Black "Djingarova, Emilia"]
[Result "1/2-1/2"]
[WhiteElo "2141"]
[BlackElo "2349"]
[PlyCount "63"]
[EventDate "2011.04.12"]
[EventType "tourn"]
[EventRounds "11"]
[EventCountry "BUL"]
[SourceTitle "CBM 141 Extra"]
[Source "ChessBase"]
[SourceDate "2011.05.03"]
[SourceVersion "1"]
[SourceVersionDate "2011.05.03"]
[SourceQuality "1"]

1. c4 c5 2. Nc3 Nc6 3. g3 g6 4. Bg2 Bg7 5. e3 e5 6. Nge2 Nge7 7. 0-0 0-0 8. a3 d6 9. Rb1 Be6 10. Nd5 Rb8 11. b4 cxb4 12. axb4 b5 13. Nxe7+ Nxe7 14. cxb5 Rxb5 15. Nc3 Rb8 16. Ba3 d5 17. Qa4 Bf5 18. Ra1 Bd3 19. Rfc1 a6 20. Qa5 d4 21. exd4 exd4 22. Ne4 Bb5 23. Qxd8 Rfxd8 24. Rc5 Rbc8 25. Rac1 Kf8 26. Rxc8 Rxc8 27. Rxc8+ Nxc8 28. Nc5 Nd6 29. d3 h5 30. h3 Ke7 31. Kf1 Bh6 32. Ke2 1/2-1/2

[Event "Vratsa op (Women)"]
[Site "Vratsa"]
[Date "2009.07.29"]
[Round "6"]
[White "Chilingirova, Pavlina"]
[Black "Stefanova, Milena"]
[Result "0-1"]
[WhiteElo "2135"]
[BlackElo "1985"]
[PlyCount "96"]
[EventDate "2009.07.25"]
[EventType "swiss"]
[EventRounds "9"]
[EventCountry "BUL"]
[SourceTitle "CBM 131 Extra"]
[Source "ChessBase"]
[SourceDate "2009.09.03"]
[SourceVersion "2"]
[SourceVersionDate "2009.09.16"]
[SourceQuality "1"]

1. c4 e5 2. Nc3 d6 3. g3 Be6 4. Bg2 Nc6 5. b3 Qd7 6. e3 g6 7. Bb2 Bg7 8. h3 Nge7 9. d3 0-0 10. Nge2 d5 11. cxd5 Nxd5 12. Ne4 Qe7 13. a3 f5 14. Nd2 f4 15. e4 Nb6 16. gxf4 exf4 17. Bxg7 Qxg7 18. Nf3 Rad8 19. Rb1 Nd7 20. Qc2 Nde5 21. Nxe5 Nxe5 22. d4 f3 23. dxe5 Qxe5 24. Bf1 fxe2 25. Bxe2 Qf6 26. Bc4 Rd4 27. 0-0 Bxc4 28. bxc4 Qg5+ 29. Kh1 Qh4 30. Rb3 b6 31. Re3 Rf4 32. c5 Rfxe4 33. Qb3+ Kg7 34. Qc3 bxc5 35. Rfe1 Rxe3 36. Rxe3 Qxf2 37. Rf3 Qd2 38. Qxd2 Rxd2 39. Rc3 Rd5 40. Kg2 Kf6 41. Rb3 c4 42. Rc3 Rd4 43. Kf2 Ke5 44. Ke2 Rh4 45. Rg3 Kd4 46. Kd2 Rf4 47. Ke1 Re4+ 48. Kd2 c3+ 0-1

[Event "BUL-ch (Women)"]
[Site "Dupnitsa"]
[Date "2009.02.20"]
[Round "9"]
[White "Yordanova, Svetla"]
[Black "Chilingirova, Pavlina"]
[Result "1-0"]
[WhiteElo "2202"]
[BlackElo "2155"]
[PlyCount "107"]
[EventDate "2009.02.12"]
[EventType "tourn"]
[EventRounds "11"]
[EventCountry "BUL"]
[EventCategory "2"]
[SourceTitle "CBM 128 Extra"]
[Source "ChessBase"]
[SourceDate "2009.03.05"]
[SourceVersion "2"]
[SourceVersionDate "2009.03.25"]
[SourceQuality "1"]

1. e4 c5 2. c3 e6 3. d4 cxd4 4. cxd4 d5 5. e5 Ne7 6. Nf3 Nec6 7. Nc3 Nd7 8. Bd3 Nb6 9. a3 a5 10. h4 h6 11. Rh3 Bd7 12. b3 a4 13. b4 Na7 14. Ne2 Bb5 15. Nf4 Bxd3 16. Qxd3 Qd7 17. Nh5 Qb5 18. Qd1 Nd7 19. Rg3 g6 20. Nf4 Rc8 21. Bd2 Nb6 22. Ng1 Be7 23. h5 g5 24. Nd3 Nc4 25. Ne2 Qc6 26. Nc5 Nb5 27. Nxa4 Ra8 28. Nc5 Rxa3 29. Rgxa3 Ncxa3 30. Rc1 Nc4 31. Qb3 0-0 32. Ra1 b6 33. Nd3 Rc8 34. g3 Kg7 35. g4 Rc7 36. Kd1 Qd7 37. Ra6 f6 38. f4 Nxd2 39. Kxd2 gxf4 40. Ndxf4 fxe5 41. dxe5 Bg5 42. Ke1 Rc4 43. Qd3 Re4 44. Rxb6 Bxf4 45. Rxb5 Bxe5 46. Ra5 Qc7 47. Kd1 Qf7 48. Ke1 Qf4 49. Ra7+ Kf6 50. Rh7 Kg5 51. b5 Qc1+ 52. Kf2 Bd4+ 53. Qxd4 Rxe2+ 54. Kxe2 1-0

[Event "BUL-ch (Women)"]
[Site "Dupnitsa"]
[Date "2009.02.18"]
[Round "7"]
[White "Bednikova, Stefka"]
[Black "Chilingirova, Pavlina"]
[Result "0-1"]
[WhiteElo "2087"]
[BlackElo "2155"]
[PlyCount "124"]
[EventDate "2009.02.12"]
[EventType "tourn"]
[EventRounds "11"]
[EventCountry "BUL"]
[EventCategory "2"]
[SourceTitle "CBM 128 Extra"]
[Source "ChessBase"]
[SourceDate "2009.03.05"]
[SourceVersion "2"]
[SourceVersionDate "2009.03.25"]
[SourceQuality "1"]

1. e4 c5 2. Nf3 d6 3. Bb5+ Nd7 4. c3 a6 5. Ba4 Ngf6 6. Qe2 b5 7. Bc2 c4 8. b3 Nb6 9. bxc4 bxc4 10. Na3 Qc7 11. Rb1 e6 12. 0-0 Be7 13. Re1 Bb7 14. Qe3 Nfd7 15. Nd4 0-0 16. Qh3 g6 17. Qg3 Kh8 18. f4 e5 19. Nf3 exf4 20. Qxf4 Ne5 21. Kh1 Nbd7 22. Rb4 Rab8 23. Rb1 Bc6 24. Nd4 Rxb1 25. Nxb1 Nc5 26. Nxc6 Qxc6 27. Qe3 Ncd3 28. Rf1 Kg8 29. Na3 Rc8 30. Bb1 Rb8 31. Qd4 Bd8 32. Qa7 Ra8 33. Qe3 Bb6 34. Qe2 Qc5 35. Bxd3 Nxd3 36. Nc2 Nf2+ 37. Kg1 Nxe4+ 38. Ne3 d5 39. Qf3 f5 40. g3 Re8 41. Kg2 Qd6 42. Nc2 Qe5 43. d4 cxd3 44. Qxd3 Nxc3 45. Re1 Ne4 46. Qxa6 Qc7 47. Re2 Rd8 48. Bb2 d4 49. Qd3 Qd6 50. Kf1 Bc5 51. Re1 Qd5 52. a3 Ng5 53. Ke2 Qg2+ 54. Kd1 Qf3+ 55. Qxf3 Nxf3 56. Rf1 Nxh2 57. Rf4 d3 58. Ne1 Ng4 59. Ng2 Nf2+ 60. Kd2 Ne4+ 61. Kd1 d2 62. Bf6 Nxf6 0-1